000 00239nam a22001097a 4500
020 _a9780746042397
082 _aK421
100 _aPARKER, VICTORIA
245 _aIMPROVE YOUR SPELLING WITH TESTS AND EXERCISES
300 _a32P
942 _cBK
999 _c3375
_d3375